IMF survey

Saved in:
Bibliographic Details
Format: Serial
Language:English
Published: Washington International Monetary Fund. 1989
Tags: Add Tag
No Tags, Be the first to tag this record!

MARC

LEADER 00000nas2a2200000 4500
001 s026450
005 20250730114135.6
041 0 |a eng 
044 |a US 
245 1 0 |a IMF survey 
264 1 |a Washington  |b International Monetary Fund.  |c 1989 
300 |a 1 zv. 
773 0 |w eu_un_cat*s120209